| 000 | 02435nam a2200409 a 4500 | ||
|---|---|---|---|
| 001 | ebr10313252 | ||
| 003 | CaPaEBR | ||
| 006 | m o u | ||
| 007 | cr cn||||||||| | ||
| 008 | 060724s2006 enka sb 001 0 eng d | ||
| 010 | _z 2006279560 | ||
| 020 | _z1898683441 | ||
| 020 | _z9781898683445 | ||
| 020 | _z9781898683766 (e-book) | ||
| 040 |
_aCaPaEBR _cCaPaEBR |
||
| 035 | _a(OCoLC)840705364 | ||
| 050 | 1 | 4 |
_aRG591 _b.P54 2006eb |
| 082 | 0 | 4 |
_a612.63 _222 |
| 245 | 0 | 4 |
_aThe placenta and neurodisability _h[electronic resource] / _cedited by Philip Baker and Colin Sibley. |
| 260 |
_aLondon : _bMac Keith Press : _bDistributed by Cambridge University Press, _c2006. |
||
| 300 |
_axi, 153 p. : _bill. |
||
| 440 | 0 |
_aClinics in developmental medicine, _x0069-4835 ; _vno. 169 |
|
| 504 | _aIncludes bibliographical references and index. | ||
| 505 | 0 | _aThe placenta and neurological outcome in the child / Karin Nelson -- Deficient trophoblast invasion, placental and fetal compromise / Fiona Lyall -- The materno-fetal inflammatory response / Mark Turner -- Cytokines, growth factors, placental insufficiency and infection / Ian Crocker -- Placental lesions and neurological outcome / Raymond Redline -- Placental pathology, intrauterine growth restriction, and subsequent child development / Paul Eunson -- MDR-1 P-glycoprotein in the placenta: a protective role in neurodevelopment? / Diane Atkinson and Colin Sibley -- In utero imaging of the placenta / Penny Gowland -- Animal models of fetal growth restriction and cerebral compromise / Donald Peebles -- Placental programming leading to mental ill-health: fetal growth and schizophrenia / Kathryn Abel and Matthew Allin -- Conclusions-the placenta and neurodisability / Stephen D'Souza. | |
| 533 |
_aElectronic reproduction. _bPalo Alto, Calif. : _cebrary, _d2013. _nAvailable via World Wide Web. _nAccess may be limited to ebrary affiliated libraries. |
||
| 650 | 0 |
_aPlacenta _xDiseases. |
|
| 650 | 0 | _aPlacenta. | |
| 650 | 0 |
_aSchizophrenia _xEtiology. |
|
| 650 | 0 |
_aNervous system _xAbnormalities. |
|
| 650 | 0 |
_aNervous system _xDiseases _xEtiology. |
|
| 650 | 0 | _aFetal growth disorders. | |
| 655 | 7 |
_aElectronic books. _2local |
|
| 700 | 1 |
_aBaker, Philip, _d1962- |
|
| 700 | 1 | _aSibley, Colin. | |
| 710 | 2 | _aebrary, Inc. | |
| 856 | 4 | 0 |
_uhttp://site.ebrary.com/lib/rucke/Doc?id=10313252 _zAn electronic book accessible through the World Wide Web; click to view |
| 999 |
_c62805 _d62805 |
||